|
|
|
|
| LEADER |
00000naa2a2200000 4500 |
| 001 |
243080 |
| 005 |
20251216100013.0 |
| 035 |
|
|
|a (RuTPU)RU\TPU\book\264416
|
| 035 |
|
|
|a RU\TPU\book\264376
|
| 090 |
|
|
|a 243080
|
| 100 |
|
|
|a 20130918d2013 k y0rusy50 ca
|
| 101 |
0 |
|
|a rus
|
| 102 |
|
|
|a RU
|
| 135 |
|
|
|a arnn ---uucaa
|
| 181 |
|
0 |
|a i
|
| 182 |
|
0 |
|a b
|
| 200 |
1 |
|
|a Оценка общекультурных компетенций студентов
|f О. Г. Берестнева, О. В. Марухина, Г. Е. Шевелев
|
| 203 |
|
|
|a Текст
|c электронный
|
| 225 |
1 |
|
|a Комплексное оценивание результатов обучения и оценка качества ООП
|
| 300 |
|
|
|a Заглавие с экрана
|
| 320 |
|
|
|a [Библиогр.: с. 229 (3 назв.)]
|
| 330 |
|
|
|a Федеральный государственный образовательный стандарт высшего профессионального образования (ФГОС, ВПО) третьего поколения в качестве требований к результатам освоения основных образовательных программ для выпускника-бакалавра, выдвигает овладение двумя видами компетенций: общекультурными (ОК) и профессиональными (ПК). В статье показана возможность оценки ОК студента/выпускника путем учета результатов его образовательной и внеучебной деятельности. Определены показатели внеучебной деятельности студента ТПУ и показаны возможные источники сбора информации по этим показателям. Оценки общекультурных компетенций позволят в момент окончания обучения характеризовать выпускников потенциальным работодателям
|
| 337 |
|
|
|a Adobe Reader
|
| 463 |
|
1 |
|0 (RuTPU)RU\TPU\book\262130
|t Уровневая подготовка специалистов: государственные и международные стандарты инженерного образования
|o сборник трудов научно-методической конференции, 26-30 марта 2013 г., Томск
|f Национальный исследовательский Томский политехнический университет (ТПУ) ; ред. кол. А. И. Чучалин [и др.]
|v [С. 227-229]
|d 2013
|
| 610 |
1 |
|
|a труды учёных ТПУ
|
| 610 |
1 |
|
|a электронный ресурс
|
| 610 |
1 |
|
|a оценка
|
| 610 |
1 |
|
|a компетенции
|
| 610 |
1 |
|
|a ФГОС
|
| 610 |
1 |
|
|a ООП
|
| 610 |
1 |
|
|a основные образовательные программы
|
| 610 |
1 |
|
|a студенты
|
| 610 |
1 |
|
|a выпускники
|
| 610 |
1 |
|
|a внеучебная деятельность
|
| 700 |
|
1 |
|a Берестнева
|b О. Г.
|c специалист в области информатики и вычислительной техники
|c профессор Томского политехнического университета, доктор технических наук
|f 1953-
|g Ольга Григорьевна
|3 (RuTPU)RU\TPU\pers\24545
|9 10845
|
| 701 |
|
1 |
|a Марухина
|b О. В.
|c специалист в области оценки качества образования
|c доцент Томского политехнического университета, кандидат технических наук
|f 1974-
|g Ольга Владимировна
|3 (RuTPU)RU\TPU\pers\25935
|9 11785
|
| 701 |
|
1 |
|a Шевелев
|b Г. Е.
|c математик
|c доцент Томского политехнического университета, кандидат физико-математических наук
|f 1946-
|g Геннадий Ефимович
|3 (RuTPU)RU\TPU\pers\25956
|9 11806
|
| 712 |
0 |
2 |
|a Национальный исследовательский Томский политехнический университет (ТПУ)
|b Институт кибернетики (ИК)
|b Кафедра прикладной математики (ПМ)
|3 (RuTPU)RU\TPU\col\18700
|
| 712 |
0 |
2 |
|a Национальный исследовательский Томский политехнический университет (ТПУ)
|b Институт кибернетики (ИК)
|b Кафедра оптимизации систем управления (ОСУ)
|3 (RuTPU)RU\TPU\col\18702
|
| 801 |
|
2 |
|a RU
|b 63413507
|c 20161111
|g RCR
|
| 856 |
4 |
|
|u http://www.lib.tpu.ru/fulltext/c/2013/C09/129.pdf
|
| 942 |
|
|
|c CF
|